|
|
|
|
| LEADER |
00000nam0a2200000 4500 |
| 001 |
376236 |
| 005 |
20231102012813.0 |
| 035 |
|
|
|a (RuTPU)RU\TPU\retro\33676
|
| 035 |
|
|
|a RU\TPU\book\304161
|
| 090 |
|
|
|a 376236
|
| 100 |
|
|
|a 20221221d1986 k y0rusy50 ca
|
| 101 |
0 |
|
|a rus
|
| 102 |
|
|
|a RU
|
| 105 |
|
|
|a y z 101zy
|
| 200 |
1 |
|
|a Второе Всесоюзное совещание по хемилюминесценции
|e тезисы докладов
|f Академия наук СССР (АН СССР), Башкирский филиал, Институт химии
|
| 210 |
|
|
|a Уфа
|c [Б. и.]
|d 1986
|
| 215 |
|
|
|a 204 с.
|
| 320 |
|
|
|a Авторский указатель: с. 200-204
|
| 606 |
1 |
|
|a Хемилюминесценция
|2 stltpush
|3 (RuTPU)RU\TPU\subj\17171
|9 42974
|
| 610 |
1 |
|
|a химические взаимодействия
|
| 610 |
1 |
|
|a молекулы
|
| 610 |
1 |
|
|a окисление
|
| 610 |
1 |
|
|a ионы
|
| 610 |
1 |
|
|a исследования
|
| 610 |
1 |
|
|a совещания
|
| 675 |
|
|
|a 535.379(063)
|v 3
|
| 712 |
0 |
2 |
|a Академия наук СССР (АН СССР)
|b Башкирский филиал
|b Институт химии
|c (Уфа)
|2 stltpush
|3 (RuTPU)RU\TPU\col\12632
|
| 712 |
1 |
2 |
|a Всесоюзное совещание по хемилюминесценции
|d 2
|e Уфа
|f 1986
|4 570
|
| 801 |
|
1 |
|a RU
|b 63413507
|c 20150113
|
| 801 |
|
2 |
|a RU
|b 63413507
|c 20221221
|g RCR
|
| 942 |
|
|
|c BK
|